Vista normal Vista MARC

Entrada Materia (personas)

Número de registros utilizados en: 3

001 - CONTROL NUMBER

  • control field: 71935

003 - CONTROL NUMBER IDENTIFIER

  • control field: Co-BoUCM

005 - DATE AND TIME OF LATEST TRANSACTION

  • control field: 20151002143039.0

008 - FIXED-LENGTH DATA ELEMENTS

  • fixed length control field: 151002|| aca||aabn | a|a d

040 ## - CATALOGING SOURCE

  • Original cataloging agency: Co-BoUCM
  • Transcribing agency: Co-BoUCM

100 ## - HEADING--PERSONAL NAME

  • Personal name: Córdoba, José María
  • Dates associated with a name: 1799-1829
  • Form subdivision: Biografías

670 ## - SOURCE DATA FOUND

  • Source citation: Work cat.: (Co-BoUCM)15957: Academia Colombiana de Historia 3835, Córdova, 1980